LEADER 01097nam a2200277 u 4500 001 000000074143 003 CaOOAMICUS 005 20070226122429.0 008 021202s1992 it u000 u ita u 020 $a8802045917 035 $a10946745 040 $aPUL$bita 110 1 $aItalia.$0(OLS)http://pul/name/1188 240 10$aCodice di procedura penale$9(Italia).$0(OLS)http://pul/title/69944 245 10$aCodice di procedura penale /$ccommentato da Franco Cordero. 260 $aTorino :$bUTET,$cc1992. 300 $a1053 p. ;$c21 cm 630 04$aCodice di procedura penale$zItalia.$0(OLS)http://pul/subject/20312 700 1 $aCordero, Franco.$0(OLS)http://pul/name/28766 850 $aPUL 852 $aPUL$W1$xDP2 Cons. Gen., Altre Classi 1$y61$m1378 F 17$j95698$nBK-PRI$qStampati$B95698$CPULBib$Z2$F95698 $H89050 $82 941 1 $a8 961 $aINV: 89050 996 $6020$a8802045917$9(OLS)http://pul/number/95937 996 $6245$aCodice di procedura penale$9(OLS)http://pul/title/97425 996 $6260$aTorino :$bUTET$9(OLS)http://pul/publisher/48088 LEADER 01358nam a2200325 a 4500 001 000000138556 003 CaOOAMICUS 005 20140528122709.0 008 140528s2013 it a u000 u ita r 020 $a978-88-913-0693-7 040 $aPUL$bita 041 0 $aita$alat$hlat 082 04$a340.54 100 1 $aLicandro, Orazio.$0(OLS)http://pul/name/75421 245 10$aEdictum Theodorici :$bun misterioso caso librario del Cinquecento /$cOrazio Licandro. 260 $aRoma :$b"L'Erma" di Bretschneider,$cĐ2013. 300 $a222 p. :$bill. ;$c21 cm 490 1 $aFra Oriente e Occidente ;$v03 504 $aBibliografia in nota. 546 $aTesto latino a fronte. 630 04$aEdictum Theodorici.$0(OLS)http://pul/subject/15684 830 0$aFra Oriente e Occidente ;$v03.$0(OLS)http://pul/title/171027 850 $aPUL 852 $aPUL$W1$xSL Diritto e Scienze Sociali 3$y79$m340. 54 LICOR 2$j159869$qDDC 21$B159370$CPULBib$Z2$F159370 $H124102 $82 941 1 $a9 996 $6020$a978-88-913-0693-7$9(OLS)http://pul/number/155355 996 $6082$a340.54$9(OLS)http://pul/classification/477 996 $6245$aEdictum Theodorici :$bun misterioso caso librario del Cinquecento$9(OLS)http://pul/title/175403 996 $6260$aRoma :$b"L'Erma" di Bretschneider$9(OLS)http://pul/publisher/48444 LEADER 01143nam a2200265 a 4500 001 000000142716 003 CaOOAMICUS 005 20151015153209.0 008 150410s1970 it u000 u ita r 032 $aLibriCat 040 $aPUL$bita 100 1 $aMarini, Lino.$0(OLS)http://pul/name/17248 245 13$aIl Mezzogiorno d'Italia di fronte a Vienna e a Roma e altri studi di storia meridionale /$cLino Marini. 260 $aBologna :$bRiccardo Pātron,$cĐ1970. 300 $aVIII, 318 p. ;$c22 cm 490 1 $aStoria moderna 651 4$aItalia meridionale$xStoria$ySec. XVII-XVIII.$0(OLS)http://pul/subject/41546 830 0$aStoria moderna.$0(OLS)http://pul/title/88649 850 $aPUL 852 $aPUL$W1$xDP1 Fondo Capitani$y116$m10 G 72$j164584$qFondi$B164851$CPULBib$Z2$F164851 $HCap152 $82 941 1 $a1 961 $aNota ms. di possesso: Capitani. 996 $6245$aIl Mezzogiorno d'Italia di fronte a Vienna e a Roma e altri studi di storia meridionale$9(OLS)http://pul/title/180660 996 $6260$aBologna :$bRiccardo Pātron$9(OLS)http://pul/publisher/61624